Swedish words - Random - Statistics

General Stats
  • This quiz has been taken 105 times
  • The average score is 15 of 24
Answer Stats
Hint Answer % Correct
Ja Yes
100%
Tack Thank you
85%
Bil Car
80%
Bra Good
80%
Kanske Maybe
80%
Lärare Teacher
80%
Svart Black
74%
Jul Christmas
73%
Säng Bed
71%
Stol Chair
70%
Dator Computer
68%
Godis Candy
63%
Huvudstad Capital
63%
Spegel Mirror
56%
Lång Tall
52%
Hav Sea
50%
Bild Picture
49%
Krig War
48%
Får Sheep
46%
Fart Speed
44%
Butik Store
43%
Groda Frog
34%
Källare Basement
24%
Ljus Candle
20%
No matching quizzes found
Score Distribution
Percent of People with Each Score
Percentile by Number Answered
Your Score History
You have not taken this quiz